<?xml version="1.0" encoding="UTF-8"?><?xml-stylesheet type="text/xsl" href="static/style.xsl"?><OAI-PMH xmlns="http://www.openarchives.org/OAI/2.0/" xmlns:xsi="http://www.w3.org/2001/XMLSchema-instance" xsi:schemaLocation="http://www.openarchives.org/OAI/2.0/ http://www.openarchives.org/OAI/2.0/OAI-PMH.xsd"><responseDate>2026-06-30T03:14:06Z</responseDate><request verb="GetRecord" identifier="oai:docta.ucm.es:20.500.14352/118921" metadataPrefix="marc">https://docta.ucm.es/rest/oai/request</request><GetRecord><record><header><identifier>oai:docta.ucm.es:20.500.14352/118921</identifier><datestamp>2025-03-25T01:02:47Z</datestamp><setSpec>com_20.500.14352_14</setSpec><setSpec>col_20.500.14352_15</setSpec></header><metadata><record xmlns="http://www.loc.gov/MARC21/slim" xmlns:dcterms="http://purl.org/dc/terms/" xmlns:xsi="http://www.w3.org/2001/XMLSchema-instance" xmlns:doc="http://www.lyncode.com/xoai" xsi:schemaLocation="http://www.loc.gov/MARC21/slim http://www.loc.gov/standards/marcxml/schema/MARC21slim.xsd">
   <leader>00925njm 22002777a 4500</leader>
   <datafield ind2=" " ind1=" " tag="042">
      <subfield code="a">dc</subfield>
   </datafield>
   <datafield ind2=" " ind1=" " tag="720">
      <subfield code="a">García Oreja, Sara</subfield>
      <subfield code="e">author</subfield>
   </datafield>
   <datafield ind2=" " ind1=" " tag="720">
      <subfield code="a">Álvaro Afonso, Francisco Javier</subfield>
      <subfield code="e">author</subfield>
   </datafield>
   <datafield ind2=" " ind1=" " tag="720">
      <subfield code="a">Vigara Aranda, Paula</subfield>
      <subfield code="e">author</subfield>
   </datafield>
   <datafield ind2=" " ind1=" " tag="720">
      <subfield code="a">Paramio Rodriguez, Guillermo</subfield>
      <subfield code="e">author</subfield>
   </datafield>
   <datafield ind2=" " ind1=" " tag="720">
      <subfield code="a">Leon Herce, Diego</subfield>
      <subfield code="e">author</subfield>
   </datafield>
   <datafield ind2=" " ind1=" " tag="720">
      <subfield code="a">Lázaro Martínez, José Luis</subfield>
      <subfield code="e">author</subfield>
   </datafield>
   <datafield ind2=" " ind1=" " tag="260">
      <subfield code="c">2024-08-16</subfield>
   </datafield>
   <datafield ind2=" " ind1=" " tag="520">
      <subfield code="a">Background: There are multiple conservative treatment options for plantar warts, but none have proven to be universally effective. Nitric acid is often used empirically by podiatrists in the treatment of plantar warts. A novel medical device or topical solution of nitric–zinc complex solution (NZCS) could potentially offer an effective and safe alternative for the targeted treatment of plantar warts. Objective: To observe the rate of complete healing of NZCS in a series of plantar wart cases and to establish the minimum number of product applications and time needed for healing. This will help standardize and protocolize its use. Methods: A descriptive study was conducted involving 72 patients who exhibited symptoms of plantar warts. These patients underwent chemical treatment using a nitric–zinc complex. Results: The cure rate with NZCS was 59.2%. The average number of NZCS applications was 5.9 ± 3.0 and the mean duration of treatment was 9.4 ± 7.1 weeks. A recurrence rate of 6.7% was observed. Conclusions: The topical solution of the nitric–zinc complex is an effective treatment for plantar warts, which can be considered a first-line treatment option in the general population.</subfield>
   </datafield>
   <datafield ind1="8" ind2=" " tag="024">
      <subfield code="a">Garcia-Oreja, S.; Alvaro-Afonso, F.J.; Vigara-Aranda, P.; Paramio-Rodriguez, G.; Leon-Herce, D.; Lazaro-Martinez, J.L. Treatment of Plantar Warts with a Nitric-Zinc Complex Solution: A Review of 72 Cases. Viruses 2024, 16, 1307. https://doi.org/10.3390/v16081307</subfield>
   </datafield>
   <datafield ind1="8" ind2=" " tag="024">
      <subfield code="a">1999-4915</subfield>
   </datafield>
   <datafield ind1="8" ind2=" " tag="024">
      <subfield code="a">10.3390/v16081307</subfield>
   </datafield>
   <datafield ind1="8" ind2=" " tag="024">
      <subfield code="a">https://hdl.handle.net/20.500.14352/118921</subfield>
   </datafield>
   <datafield ind1="8" ind2=" " tag="024">
      <subfield code="a">https://doi.org/10.3390/V16081307</subfield>
   </datafield>
   <datafield ind1="8" ind2=" " tag="024">
      <subfield code="a">https://www.mdpi.com/1999-4915/16/8/1307</subfield>
   </datafield>
   <datafield ind2="0" ind1="0" tag="245">
      <subfield code="a">Treatment of Plantar Warts with a Nitric-Zinc Complex Solution: A Review of 72 Cases</subfield>
   </datafield>
</record></metadata></record></GetRecord></OAI-PMH>